Arctic Monkeys Lyrics - A Certain Romance - Statistics

General Stats
  • This quiz has been taken 259 times
  • The average score is 249 of 297
Answer Stats
Lyrics % Correct
a
99%
the
99%
The
99%
I
98%
in
96%
no
96%
no,
96%
No,
96%
oh,
96%
Oh,
96%
oh
96%
Oh
96%
that
95%
And
94%
there
94%
there,
94%
so
93%
they
93%
to
93%
To
93%
not
92%
Not
92%
you
92%
You
92%
can
91%
is
91%
then
91%
around
90%
'em
90%
it
90%
like
90%
like,
90%
on
90%
romance
90%
all
88%
But
88%
classic
88%
know?
88%
know
88%
might
88%
their
88%
there's
88%
There's
88%
wear
88%
who
88%
it's
87%
me
87%
thing
87%
if
86%
in't
86%
of
86%
socks
86%
funny
85%
He
85%
point
85%
see
85%
way
85%
Well,
85%
We'll
85%
we'll
85%
what
85%
What
85%
tell
84%
'Cause
83%
'cause
83%
Or
83%
or
83%
ain't
82%
can't
82%
Converse,
82%
only
82%
are
81%
don't
81%
get
81%
listen,
81%
Don't
80%
here
80%
never
80%
Reeboks
80%
tonight
80%
bottoms
79%
knackered
79%
They'll
79%
tracky
79%
tucked
79%
agree
78%
Agree
78%
at
78%
just
78%
made
78%
minds
78%
carry
77%
would
77%
boys
76%
okay
76%
over
76%
punch
76%
throw
76%
truth
76%
could
75%
dickhead
75%
hands
75%
ringtones
75%
act
74%
bands
74%
because
74%
new
74%
probably
74%
same
74%
say?
74%
up
74%
course
73%
different
73%
music
73%
They'd
73%
little
72%
that's
72%
friends
71%
go
71%
go,
71%
Holmes
71%
pool
71%
Sherlock
71%
take
71%
time
71%
alright
70%
cues
70%
point's
70%
with
70%
won't
70%
long
69%
mine
69%
for
68%
I've
68%
scrap
68%
wrong
68%
known
67%
had
66%
thinks
66%
angry
65%
anywhere,
65%
anywhere
65%
cans
65%
couple
65%
kids
65%
broken
64%
said
64%
Said,
64%
bones
63%
he's
63%
line
63%
cannot
60%
overstep
60%
though,
57%
keep
27%
rolling?)
27%
(Shall
22%
No matching quizzes found
Score Distribution
Percent of People with Each Score
Percentile by Number Answered
Your Score History
You have not taken this quiz